<?xml version="1.0" encoding="UTF-8"?>
<collection xmlns="http://www.loc.gov/MARC21/slim">
    <record>
        <controlfield tag="001">67626</controlfield>
        <controlfield tag="005">20180223094955.0</controlfield>
        <datafield tag="037" ind1=" " ind2=" ">
            <subfield code="a">GDOC-2016-30336</subfield>
        </datafield>
        <datafield tag="041" ind1=" " ind2=" ">
            <subfield code="a">spa</subfield>
        </datafield>
        <datafield tag="100" ind1=" " ind2=" ">
            <subfield code="0">(orcid)0000-0003-4413-0977</subfield>
            <subfield code="1">384643</subfield>
            <subfield code="a">Bernués Del Río, Emiliano</subfield>
        </datafield>
        <datafield tag="245" ind1="0" ind2="0">
            <subfield code="9">30336</subfield>
            <subfield code="a">Comunicaciones audiovisuales</subfield>
        </datafield>
        <datafield tag="260" ind1=" " ind2=" ">
            <subfield code="a">Zaragoza</subfield>
            <subfield code="b">Universidad de Zaragoza</subfield>
            <subfield code="c">2016-2017</subfield>
        </datafield>
        <datafield tag="520" ind1=" " ind2=" ">
            <subfield code="a">Breve presentación de la asignatura
Esta asignatura forma parte de la materia Tratamiento de Información, y es una asignatura obligatoria dentro del itinerario correspondiente a la tecnología específica de Sistemas de Telecomunicación. 
 
En esta asignatura se profundiza en las técnicas de comunicación audiovisual tanto analógicas como digitales más comunes.  La asignatura se inicia con una introducción a las señales audiovisuales, adquisición y presentación, formatos analógicos y digitales (1 ECTS), y se hará especial énfasis en el estudio del sistema visual y auditivo del ser humano (1 ECTS). Se continúa con el estudio de la compresión de audio y vídeo y los estándares de codificación de señales audiovisuales (2 ECTS). Como ejemplos de sistemas de comunicación audiovisual se estudia con detalle la televisión digital y los formatos multimedia (2 ECTS).</subfield>
            <subfield code="b"> </subfield>
        </datafield>
        <datafield tag="521" ind1=" " ind2=" ">
            <subfield code="9">145</subfield>
            <subfield code="a">Ingeniería de Tecnologías y Servicios de Telecomunicación</subfield>
        </datafield>
        <datafield tag="540" ind1=" " ind2=" ">
            <subfield code="a">by-nc-sa</subfield>
            <subfield code="b">Creative Commons</subfield>
            <subfield code="c">3.0</subfield>
            <subfield code="u">http://creativecommons.org/licenses/by-nc-sa/3.0/</subfield>
        </datafield>
        <datafield tag="700" ind1=" " ind2=" ">
            <subfield code="0">(orcid)0000-0001-9137-4013</subfield>
            <subfield code="1">388223</subfield>
            <subfield code="a">Lleida Solano, Eduardo</subfield>
        </datafield>
        <datafield tag="830" ind1=" " ind2=" ">
            <subfield code="9">438</subfield>
        </datafield>
        <datafield tag="856" ind1="4" ind2=" ">
            <subfield code="s">19218</subfield>
            <subfield code="u">http://zaguan.unizar.es/record/67626/files/guia-30336-es.pdf</subfield>
            <subfield code="y">Guía (idioma español)</subfield>
        </datafield>
        <datafield tag="856" ind1="4" ind2=" ">
            <subfield code="s">9029</subfield>
            <subfield code="u">http://zaguan.unizar.es/record/67626/files/guia-30336-en.pdf</subfield>
            <subfield code="y">Guide (english)</subfield>
        </datafield>
        <datafield tag="970" ind1=" " ind2=" ">
            <subfield code="a">GDOC-2016-30336</subfield>
        </datafield>
        <datafield tag="980" ind1=" " ind2=" ">
            <subfield code="a">GDOC</subfield>
            <subfield code="b">Ingeniería y arquitectura</subfield>
            <subfield code="c">110</subfield>
        </datafield>
    </record>

    
</collection>